000 00632nam a2200241 a 4500
001 nice12345678
003 IN_TiNIC
005 20260116015002.0
008 070531s1993 onta grp 000 0 eng
020 _a0836136470
_c100
082 0 0 _a303.66
_bLAN
100 _aLandis, Susan Mark
245 _aBut Why Don`t We Go to War?
260 _aOntario
_bHerald Press
_c1993
300 _a236p
500 _aincludes index and biblioraphy
505 2 _aappendices, biblio, index,
650 _aPeace-Religious Aspect-Christianity
700 1 _aLandis, Susan Mark
902 _bSRS
942 _cBK
999 _c17837
_d17837